| 000 | 00669nam a2200229Ia 4500 | ||
|---|---|---|---|
| 003 | OSt | ||
| 005 | 20230413104528.0 | ||
| 008 | 210423s2017 xx 000 0 und d | ||
| 020 | _a978-93-860-6290-1 | ||
| 040 | _cAL | ||
| 041 | _aeng | ||
| 082 |
_a001.42 _223 _bFLII |
||
| 100 |
_aFLICK (Uwe) _987668 |
||
| 245 | _aIntroducing research methodology: a beginners guide to doing a research project Ed 2 | ||
| 250 | _a2 | ||
| 260 |
_aNew Delhi _bSage Publications _c2017 |
||
| 300 |
_axxii,295 _bPB |
||
| 365 |
_b350 _cINR |
||
| 650 |
_aResearch _987669 |
||
| 906 | _abeginners ; doing ; guide ; Introducing ; methodology: ; project ; research | ||
| 942 |
_2ddc _cBK |
||
| 999 |
_c169869 _d169869 |
||